Public sector influence reduces downturn repercussions (Record no. 81113)
[ view plain ]
| 000 -LEADER | |
|---|---|
| fixed length control field | 00816cab a22001935a 4500 |
| 001 - CONTROL NUMBER | |
| control field | L146269 |
| 008 - FIXED-LENGTH DATA ELEMENTS--GENERAL INFORMATION | |
| fixed length control field | 081223s2008 xxkad f s 000 0 eng d |
| 035 ## - SYSTEM CONTROL NUMBER | |
| System control number | (Sirsi) u146269 |
| 041 0# - LANGUAGE CODE | |
| Language code of text/sound track or separate title | eng |
| 100 1# - MAIN ENTRY--PERSONAL NAME | |
| Personal name | Lavery, Brian |
| 245 00 - TITLE STATEMENT | |
| Title | Public sector influence reduces downturn repercussions |
| 260 ## - PUBLICATION, DISTRIBUTION, ETC. | |
| Date of publication, distribution, etc. | 2008 |
| 490 #0 - SERIES STATEMENT | |
| Series statement | Property Forecast |
| Volume/sequential designation | 11(10) October, 2008,12-13(2) |
| 520 ## - SUMMARY, ETC. | |
| Summary, etc. | Reviews the situation in Belfast's office market which is not being helped by the political stalemate. Reports that although Northern Ireland has been affected by the credit crunch as much as any other region in the UK, the number of public sector occupiers has been a factor for stability. Tables. |
| 590 ## - LOCAL NOTE (RLIN) | |
| Local note | KA |
| 651 #4 - SUBJECT ADDED ENTRY--GEOGRAPHIC NAME | |
| Geographic name | Belfast |
| 690 ## - LOCAL SUBJECT ADDED ENTRY--TOPICAL TERM (OCLC, RLIN) | |
| Topical term or geographic name as entry element | PROPERTY-COMMERCIAL PROPERTY-COMMERCIAL PROPERTY MARKET |
| 942 ## - ADDED ENTRY ELEMENTS (KOHA) | |
| Suppress in OPAC | 0 |
| Withdrawn status | Lost status | Source of classification or shelving scheme | Damaged status | Not for loan | Home library | Current library | Shelving location | Date acquired | Total Checkouts | Full call number | Barcode | Date last seen | Copy number | Price effective from | Koha item type |
|---|---|---|---|---|---|---|---|---|---|---|---|---|---|---|---|
| Dewey Decimal Classification | London | London | Journal article | 23/12/2008 | L146269 | 146269-1001 | 06/08/2019 | 1 | 06/08/2019 | Journal article |